Service par excellence

Bibliographic Details
Main Author: Wan Mansor Abdullah
Format: Book
Published: Kuala Lumpur : Public Administration (INTAN) , 2004
Subjects:

MARC

LEADER 00000cam a2200000 7i4500
001 0000003828
005 20110718.0
020 0 0 |a 9833109063 
090 0 0 |a 351.595   |b WAN 
100 0 0 |a Wan Mansor Abdullah 
245 1 0 |a Service par excellence   |c Wan Mansor Abdullah 
260 0 0 |a Kuala Lumpur :   |b Public Administration (INTAN) ,   |c 2004 
300 |a xii, 417 p. :   |b ill. ;   |c 23cm. 
504 0 0 |a Includes bibliographies and index 
650 0 0 |a Civil service   |z Malaysia 
650 0 0 |a Public administration   |z Malaysia 
999 |a 0000007433   |b Monograph   |c Open Shelf   |e Default branch